00797nam a2200241 a 450000100060000000300080000600500170001400800410003102000150007203500190008704000350010604100080014108200220014910000260017124500380019726000630023530000220029850000190032065100280033994200120036799900170037995201590039664455BD-RjUL20211209081318.0 s2000 ii 00100 eng d a8171568920 a(BD-RjUL)64585 aBD-RjULbengdBD-RjULcBD-RjUL aeng0 a952223bJAH 20001 aJayapalan, N.917188512aA history of Japan /cN Jayapalan aNew Delhi :bAtlantic Publishers and Distributors,cc 2000 a135 p. ; c23 cm. aIncludes index 0aJapanxHistory.9173160 2ddccBK c64455d64455 00102ddc40718NFICaRUCLbRUCLcReadingd2006-03-14eDhaka, Paragon Enterprises Ltd.g295.00l0o952 JAH 2000r2017-02-15 00:00:00tC-1w2017-02-15yBK